[Event "Niedersachsen-ch op-A"]
[Site "Verden an der Aller"]
[Date "2020.01.04"]
[Round "5"]
[White "Kiesel, Harald"]
[Black "Rieping, Heiner"]
[Result "1-0"]
[WhiteElo "2042"]
[BlackElo "1914"]
[PlyCount "51"]
[EventDate "2020.01.02"]
[EventType "swiss"]
[EventRounds "7"]
[EventCountry "GER"]
[SourceTitle "EXT 2023"]
[Source "ChessBase"]
[SourceDate "2022.10.05"]
[SourceVersion "1"]
[SourceVersionDate "2022.10.05"]
[SourceQuality "1"]

1. e4 c5 2. Nf3 e6 3. c3 d5 4. exd5 Qxd5 5. d4 Nf6 6. Bd3 Nc6 7. 0-0 Be7 8. Na3 0-0 9. Nb5 Qd7 10. dxc5 Rd8 11. Nd6 b6 12. Bb5 bxc5 13. Qa4 Qxd6 14. Bxc6 Bd7 15. Bxd7 Qxd7 16. Qxd7 Rxd7 17. h3 Bd6 18. c4 Rb8 19. b3 a5 20. Be3 Ne4 21. Rfd1 Nc3 22. Re1 a4 23. Bd2 Be5 24. Rxe5 axb3 25. Bxc3 b2 26. Bxb2 1-0

[Event "Niedersachsen-ch op-A"]
[Site "Verden an der Aller"]
[Date "2020.01.03"]
[Round "4"]
[White "Rieping, Heiner"]
[Black "Behn, Cord"]
[Result "1-0"]
[WhiteElo "1914"]
[BlackElo "1827"]
[PlyCount "34"]
[EventDate "2020.01.02"]
[EventType "swiss"]
[EventRounds "7"]
[EventCountry "GER"]
[SourceTitle "EXT 2023"]
[Source "ChessBase"]
[SourceDate "2022.10.05"]
[SourceVersion "1"]
[SourceVersionDate "2022.10.05"]
[SourceQuality "1"]

1. d4 Nf6 2. Nc3 g6 3. Bf4 Bg7 4. e4 d6 5. Qd2 c6 6. Nf3 b5 7. a3 Bb7 8. Bd3 Nbd7 9. 0-0 0-0 10. e5 Ne8 11. e6 fxe6 12. Ng5 Nc7 13. Qe3 Rf6 14. Nce4 Nd5 15. Nxf6+ Bxf6 16. Qxe6+ Kg7 17. Qf7+ Kh6 1-0

[Event "Pardubice Czech op-B 30th"]
[Site "Pardubice"]
[Date "2019.07.22"]
[Round "4"]
[White "Slonimskij, Arkadij"]
[Black "Rieping, Heiner"]
[Result "1-0"]
[WhiteElo "2120"]
[BlackElo "1938"]
[PlyCount "63"]
[EventDate "2019.07.19"]
[EventType "swiss"]
[EventRounds "9"]
[EventCountry "CZE"]
[SourceTitle "EXT 2020"]
[Source "ChessBase"]
[SourceDate "2019.10.17"]
[SourceVersion "1"]
[SourceVersionDate "2019.10.17"]
[SourceQuality "1"]

1. d4 d5 2. c4 e6 3. cxd5 exd5 4. Nc3 f5 5. e3 Nf6 6. Bd3 c6 7. Qc2 Ne4 8. f3 Nd6 9. Nge2 Be7 10. Bd2 0-0 11. 0-0-0 Nd7 12. Kb1 Nf6 13. h3 Bd7 14. g4 Qc8 15. Ng3 g6 16. Rdg1 Kh8 17. g5 Nfe8 18. f4 Ne4 19. Bc1 N8d6 20. h4 Kg7 21. h5 Nf7 22. Rh2 Rh8 23. Nf1 Be6 24. Rgh1 Qd7 25. Rh3 b6 26. Qh2 c5 27. hxg6 hxg6 28. Rh7+ Rxh7 29. Qxh7+ Kf8 30. Qxg6 Nf2 31. Bb5 Qd6 32. Rh7 1-0

[Event "Bremen-ch op"]
[Site "Bremen"]
[Date "2016.03.23"]
[Round "6"]
[White "Ungar, Benedict"]
[Black "Rieping, Heiner"]
[Result "0-1"]
[WhiteElo "1678"]
[BlackElo "1922"]
[PlyCount "76"]
[EventDate "2016.03.19"]
[EventType "swiss"]
[EventRounds "9"]
[EventCountry "GER"]
[SourceTitle "EXT 2018"]
[Source "ChessBase"]
[SourceDate "2017.10.13"]
[SourceVersion "1"]
[SourceVersionDate "2017.10.13"]
[SourceQuality "1"]

1. Nf3 d5 2. c4 Nf6 3. g3 e6 4. Bg2 Be7 5. 0-0 0-0 6. d3 Nc6 7. Nbd2 e5 8. cxd5 Nxd5 9. Qb3 Nb6 10. a3 Be6 11. Qc2 Qd7 12. Re1 Bd5 13. Nc4 f6 14. Nxb6 axb6 15. Bd2 Qe6 16. b4 b5 17. Rec1 Ra6 18. e3 Rfa8 19. Qb2 Bd6 20. Rc3 e4 21. Nd4 Nxd4 22. exd4 exd3 23. Bxd5 Qxd5 24. Qb3 Qxb3 25. Rxb3 Ra4 26. Rbb1 Rxa3 27. Rxa3 Rxa3 28. Rb2 Kf7 29. Kg2 Ke6 30. f3 Kd5 31. Be3 Kc4 32. Bd2 Kxd4 33. Kf2 Kc4 34. Ke3 Be5 35. Rb1 Ra2 36. Rd1 Ra1 37. Bc1 Bb2 38. Kd2 Rxc1 0-1

[Event "Niedersachsen-ch op-A"]
[Site "Verden"]
[Date "2014.01.02"]
[Round "1"]
[White "Rieping, Heiner"]
[Black "Nuerenberg, Marius"]
[Result "0-1"]
[WhiteElo "1900"]
[BlackElo "1596"]
[PlyCount "65"]
[EventDate "2014.01.02"]
[EventType "swiss"]
[EventRounds "7"]
[EventCountry "GER"]
[SourceTitle "EXT 2016"]
[Source "ChessBase"]
[SourceDate "2015.10.08"]
[SourceVersion "1"]
[SourceVersionDate "2015.10.08"]
[SourceQuality "1"]

1. e4 e6 2. d4 d5 3. exd5 exd5 4. Bd3 Bd6 5. Ne2 Ne7 6. Nbc3 c6 7. Bf4 Bf5 8. Qd2 0-0 9. f3 Re8 10. 0-0-0 b5 11. Bxd6 Qxd6 12. Qf4 Qxf4+ 13. Nxf4 Bxd3 14. Nxd3 Nd7 15. Rhe1 a5 16. Ne5 Nxe5 17. Rxe5 Ng6 18. Rxe8+ Rxe8 19. Kd2 Nh4 20. Rg1 Nf5 21. Ne2 Ne3 22. b3 Nxc2 23. Rc1 Ne3 24. Rxc6 Nxg2 25. Rc5 Nh4 26. Ng1 Rb8 27. Rxd5 g6 28. Ke3 Ng2+ 29. Kd2 Nf4 30. Rd7 a4 31. Ke3 axb3 32. axb3 g5 33. Ne2 0-1

[Event "GER-chT U20"]
[Site "Osnabrueck"]
[Date "2013.12.30"]
[Round "7.3"]
[White "Rieping, Heiner"]
[Black "Mueller, Markus1111"]
[Result "1/2-1/2"]
[WhiteElo "1881"]
[BlackElo "1760"]
[PlyCount "80"]
[EventDate "2013.12.27"]
[EventType "team-swiss"]
[EventRounds "7"]
[EventCountry "GER"]
[SourceTitle "EXT 2015"]
[Source "ChessBase"]
[SourceDate "2014.11.20"]
[SourceVersion "1"]
[SourceVersionDate "2014.11.20"]
[SourceQuality "1"]
[WhiteTeam "Hagen"]
[BlackTeam "Gernsheim"]
[WhiteTeamCountry "GER"]
[BlackTeamCountry "GER"]

1. e4 c5 2. Nf3 a6 3. d4 cxd4 4. Nxd4 e5 5. Nf3 Nf6 6. Bc4 Qc7 7. Qe2 Nc6 8. 0-0 d6 9. Ng5 Nd4 10. Qd3 Be6 11. Nxe6 Nxe6 12. Bxe6 fxe6 13. Be3 Be7 14. c4 0-0 15. b3 Rad8 16. Nc3 Rd7 17. Rac1 Qa5 18. Bd2 Qa3 19. Nb1 Qc5 20. Be3 Qa5 21. Bd2 Qc5 22. Nc3 Qa3 23. Qh3 Kf7 24. Bg5 h6 25. Bxf6 Bxf6 26. Nd5 Qxa2 27. Rc3 Qd2 28. Rg3 Rdd8 29. Nc7 Rde8 30. Nxe8 Rxe8 31. Rd3 Qb4 32. Rfd1 Rd8 33. Kf1 b6 34. Rf3 a5 35. Ra1 Ke7 36. Rd3 Bg5 37. Qg3 Rf8 38. Rf3 Bf6 39. Ke2 Bg5 40. Rd3 Bf6 1/2-1/2

[Event "GER-chT U20"]
[Site "Osnabrueck"]
[Date "2013.12.29"]
[Round "6.3"]
[White "Pluska, Alexander"]
[Black "Rieping, Heiner"]
[Result "1-0"]
[WhiteElo "1875"]
[BlackElo "1881"]
[PlyCount "77"]
[EventDate "2013.12.27"]
[EventType "team-swiss"]
[EventRounds "7"]
[EventCountry "GER"]
[SourceTitle "EXT 2015"]
[Source "ChessBase"]
[SourceDate "2014.11.20"]
[SourceVersion "1"]
[SourceVersionDate "2014.11.20"]
[SourceQuality "1"]
[WhiteTeam "Kiel Doppelbauer"]
[BlackTeam "Hagen"]
[WhiteTeamCountry "GER"]
[BlackTeamCountry "GER"]

1. d4 d5 2. c4 e6 3. Nf3 f5 4. Bg5 Nf6 5. e3 Be7 6. Be2 0-0 7. Nbd2 Ne4 8. Bxe7 Qxe7 9. h4 Nd7 10. Ne5 Nxe5 11. dxe5 c6 12. f4 Rd8 13. Nxe4 dxe4 14. Qc2 c5 15. Kf2 Bd7 16. Rag1 Be8 17. g4 Rd7 18. gxf5 exf5 19. Qc3 Qe6 20. Rg3 Rad8 21. Rhg1 Kf8 22. h5 Rd2 23. Ke1 R2d7 24. a3 b6 25. R1g2 Re7 26. Kf1 Rdd7 27. b4 Qc6 28. Rg5 Qe6 29. Rg1 Rd8 30. bxc5 bxc5 31. Qa5 Rc8 32. Kf2 Rb7 33. Rxf5+ Qxf5 34. Bg4 Rb2+ 35. Kg3 Qf7 36. Bxc8 Qxh5 37. Qxc5+ Kf7 38. Qd5+ Kf8 39. Qd6+ 1-0

[Event "GER-chT U20"]
[Site "Osnabrueck"]
[Date "2012.12.30"]
[Round "7.3"]
[White "Rieping, Heiner"]
[Black "Reisberg, Andre"]
[Result "1/2-1/2"]
[WhiteElo "1933"]
[BlackElo "1951"]
[PlyCount "43"]
[EventDate "2012.12.27"]
[EventType "team-swiss"]
[EventRounds "7"]
[EventCountry "GER"]
[SourceTitle "EXT 2014"]
[Source "ChessBase"]
[SourceDate "2013.11.20"]
[SourceVersion "1"]
[SourceVersionDate "2013.11.20"]
[SourceQuality "1"]
[WhiteTeam "Hagen"]
[BlackTeam "Brackel"]
[WhiteTeamCountry "GER"]
[BlackTeamCountry "GER"]

1. e4 e6 2. d4 d5 3. exd5 exd5 4. Bd3 Bd6 5. Ne2 Ne7 6. Nbc3 Nbc6 7. 0-0 0-0 8. Bf4 Nb4 9. Re1 Nxd3 10. Qxd3 Bxf4 11. Nxf4 c6 12. Re5 Ng6 13. Nxg6 hxg6 14. Rae1 Bf5 15. Qd2 Qb6 16. Nd1 Be6 17. c3 Rae8 18. Qf4 Qd8 19. Kf1 Bf5 20. Qe3 Re6 21. Rxe6 Bxe6 22. f3 1/2-1/2

[Event "GER-chT U20"]
[Site "Osnabrueck"]
[Date "2012.12.27"]
[Round "1.3"]
[White "Seifert, Michael"]
[Black "Rieping, Heiner"]
[Result "1/2-1/2"]
[WhiteElo "1723"]
[BlackElo "1933"]
[PlyCount "54"]
[EventDate "2012.12.27"]
[EventType "team-swiss"]
[EventRounds "7"]
[EventCountry "GER"]
[SourceTitle "EXT 2014"]
[Source "ChessBase"]
[SourceDate "2013.11.20"]
[SourceVersion "1"]
[SourceVersionDate "2013.11.20"]
[SourceQuality "1"]
[WhiteTeam "Jena Schott"]
[BlackTeam "Hagen"]
[WhiteTeamCountry "GER"]
[BlackTeamCountry "GER"]

1. Nf3 d5 2. g3 Nc6 3. d4 Bf5 4. Bg2 e6 5. 0-0 Nf6 6. c4 Be7 7. Nc3 0-0 8. a3 Ne4 9. cxd5 exd5 10. Bd2 Qd7 11. Rc1 Bf6 12. e3 Ne7 13. Na4 c6 14. Nc5 Nxc5 15. Rxc5 Nc8 16. Bb4 Re8 17. a4 Be7 18. Ne5 Qe6 19. g4 Bg6 20. f4 f5 21. Ba3 Bxc5 22. Bxc5 Nd6 23. Bxd6 Qxd6 24. g5 Qb4 25. Qc2 Rf8 26. Bf3 Be8 27. Rc1 Rd8 1/2-1/2

[Event "GER-chT Nord-West U20 1112"]
[Site "Germany"]
[Date "2012.05.13"]
[Round "9.2"]
[White "Rieping, Heiner"]
[Black "Krause, Benedict"]
[Result "0-1"]
[WhiteElo "1861"]
[BlackElo "1930"]
[PlyCount "62"]
[EventDate "2011.09.24"]
[EventType "team-tourn"]
[EventRounds "9"]
[EventCountry "GER"]
[SourceTitle "EXT 2015"]
[Source "ChessBase"]
[SourceDate "2014.11.20"]
[SourceVersion "1"]
[SourceVersionDate "2014.11.20"]
[SourceQuality "1"]

1. e4 c5 2. Nf3 e6 3. d4 cxd4 4. Nxd4 Nc6 5. Nc3 Qc7 6. Nb3 a6 7. Bd3 Nf6 8. 0-0 Be7 9. f4 d6 10. Qf3 0-0 11. Qh3 Nb4 12. Bd2 Nxd3 13. cxd3 b5 14. Rac1 Qb8 15. Rc2 Bd7 16. Rfc1 Rc8 17. Qf3 a5 18. Ne2 Rxc2 19. Rxc2 b4 20. Nbd4 Qb7 21. b3 Rc8 22. Ng3 Rxc2 23. Nxc2 Qc7 24. Qd1 Bb5 25. d4 Bd3 26. Ne3 Bxe4 27. Nc4 Bd3 28. Nb2 Bb5 29. Qc1 Qxc1+ 30. Bxc1 Nd5 31. Nd1 Bf6 0-1

[Event "Niedersachsen-ch U18"]
[Site "Rotenburg"]
[Date "2012.04.04"]
[Round "8"]
[White "Thumulka, Patrick"]
[Black "Rieping, Heiner"]
[Result "1-0"]
[WhiteElo "1994"]
[BlackElo "1878"]
[PlyCount "89"]
[EventDate "2012.03.31"]
[EventType "swiss"]
[EventRounds "9"]
[EventCountry "GER"]
[SourceTitle "EXT 2015"]
[Source "ChessBase"]
[SourceDate "2014.11.20"]
[SourceVersion "1"]
[SourceVersionDate "2014.11.20"]
[SourceQuality "1"]

1. e4 d5 2. exd5 Qxd5 3. Nc3 Qa5 4. d4 Nf6 5. Nf3 c6 6. Bc4 Bg4 7. h3 Bh5 8. g4 Bg6 9. Bd2 Qc7 10. Qe2 Nbd7 11. 0-0-0 0-0-0 12. Ne5 e6 13. h4 h5 14. Nxg6 fxg6 15. g5 Nd5 16. Qxe6 Nxc3 17. Bxc3 Qf4+ 18. Qe3 Bd6 19. Qxf4 Bxf4+ 20. Bd2 Rhf8 21. Be3 Nb6 22. Bb3 Bxe3+ 23. fxe3 Rde8 24. Rde1 Rf2 25. Kd1 Nd5 26. Bxd5 cxd5 27. Rh3 Kd7 28. Re2 Rf1+ 29. Kd2 Re4 30. Kd3 Kc6 31. b3 b5 32. Rd2 b4 33. c3 bxc3 34. Kxc3 a5 35. Kb2 Re1 36. Rc2+ Kd6 37. Rc3 Re2+ 38. Ka3 Rg4 39. Rc5 a4 40. Kxa4 Rxa2+ 41. Kb5 Ke6 42. b4 Rg1 43. Rf3 Ra8 44. Rc6+ Kd7 45. Rf7+ 1-0

[Event "Niedersachsen-ch U18"]
[Site "Rotenburg"]
[Date "2012.04.01"]
[Round "2"]
[White "Rieping, Heiner"]
[Black "Hampel, Felix"]
[Result "0-1"]
[WhiteElo "1878"]
[BlackElo "2093"]
[PlyCount "60"]
[EventDate "2012.03.31"]
[EventType "swiss"]
[EventRounds "9"]
[EventCountry "GER"]
[SourceTitle "EXT 2015"]
[Source "ChessBase"]
[SourceDate "2014.11.20"]
[SourceVersion "1"]
[SourceVersionDate "2014.11.20"]
[SourceQuality "1"]

1. e4 c5 2. Nf3 e6 3. d4 cxd4 4. Nxd4 Nc6 5. Be3 Qc7 6. Nd2 Nf6 7. Bc4 Nxd4 8. Bxd4 Nxe4 9. Nxe4 Qxc4 10. f3 Qc7 11. 0-0 d5 12. Nc3 Bc5 13. Qd3 0-0 14. f4 b6 15. Kh1 Ba6 16. Qxa6 Bxd4 17. Nb5 Qc4 18. c3 Bf6 19. a4 g6 20. Qb7 Qc8 21. Qxc8 Rfxc8 22. a5 Rc5 23. Nd4 bxa5 24. Rf2 Rb8 25. g3 Bxd4 26. cxd4 Rcb5 27. Ra2 Rb4 28. Rd2 a4 29. Kg2 h5 30. h3 Rc8 0-1

[Event "Niedersachsen-ch U18"]
[Site "Rotenburg"]
[Date "2012.03.31"]
[Round "1"]
[White "Goeing, Felix"]
[Black "Rieping, Heiner"]
[Result "0-1"]
[WhiteElo "1298"]
[BlackElo "1878"]
[PlyCount "36"]
[EventDate "2012.03.31"]
[EventType "swiss"]
[EventRounds "9"]
[EventCountry "GER"]
[SourceTitle "EXT 2015"]
[Source "ChessBase"]
[SourceDate "2014.11.20"]
[SourceVersion "1"]
[SourceVersionDate "2014.11.20"]
[SourceQuality "1"]

1. e4 d5 2. exd5 Qxd5 3. Nc3 Qa5 4. d4 Nf6 5. Nf3 Bg4 6. g3 Nc6 7. Bg2 0-0-0 8. Be3 e5 9. Qd2 Bxf3 10. Bxf3 exd4 11. 0-0 dxe3 12. Qxe3 Bc5 13. Qc1 Nd4 14. Bg2 Qxc3 15. bxc3 Ne2+ 16. Kh1 Nxc1 17. Raxc1 Rd2 18. Kg1 Re8 0-1

[Event "GER-chT U20"]
[Site "Osnabrueck"]
[Date "2011.12.30"]
[Round "7.2"]
[White "Meissner, Felix"]
[Black "Rieping, Heiner"]
[Result "1/2-1/2"]
[WhiteElo "2248"]
[BlackElo "1897"]
[PlyCount "26"]
[EventDate "2011.12.27"]
[EventType "team-swiss"]
[EventRounds "7"]
[EventCountry "GER"]
[SourceTitle "CBM 146 Extra"]
[Source "ChessBase"]
[SourceDate "2012.02.29"]
[SourceVersion "1"]
[SourceVersionDate "2012.02.29"]
[SourceQuality "1"]
[WhiteTeam "Hamburger SK"]
[BlackTeam "Hagen"]
[WhiteTeamCountry "GER"]
[BlackTeamCountry "GER"]

1. e4 d5 2. exd5 Qxd5 3. Nf3 Nf6 4. d4 Bg4 5. Be2 Nc6 6. c4 Qa5+ 7. Bd2 Qf5 8. Be3 e6 9. 0-0 Bd6 10. h3 Bxh3 11. gxh3 Qxh3 12. c5 Qg4+ 13. Kh1 Qh3+ 1/2-1/2

[Event "GER-chT U20"]
[Site "Osnabrueck"]
[Date "2011.12.29"]
[Round "6.2"]
[White "Rieping, Heiner"]
[Black "Miller, Eduard"]
[Result "1-0"]
[WhiteElo "1897"]
[BlackElo "2185"]
[PlyCount "59"]
[EventDate "2011.12.27"]
[EventType "team-swiss"]
[EventRounds "7"]
[EventCountry "GER"]
[SourceTitle "CBM 146 Extra"]
[Source "ChessBase"]
[SourceDate "2012.02.29"]
[SourceVersion "1"]
[SourceVersionDate "2012.02.29"]
[SourceQuality "1"]
[WhiteTeam "Hagen"]
[BlackTeam "Forchheim"]
[WhiteTeamCountry "GER"]
[BlackTeamCountry "GER"]

1. e4 e6 2. d4 d5 3. exd5 exd5 4. Bd3 Nc6 5. Ne2 Bd6 6. Nbc3 Nge7 7. Be3 Bg4 8. f3 Bf5 9. Qd2 Qd7 10. 0-0-0 h5 11. Rde1 0-0-0 12. Bxf5 Qxf5 13. Bf4 Bxf4 14. Nxf4 g5 15. Nd3 f6 16. Nd1 b6 17. c3 Kb7 18. Re2 Ng6 19. Rhe1 h4 20. h3 a5 21. Ne3 Qd7 22. Ng4 Qg7 23. Re6 Rhf8 24. Qe2 Rd7 25. Nc5+ bxc5 26. Qb5+ Kc8 27. Qxc6 Rdd8 28. Qa6+ Kd7 29. Qb5+ Kc8 30. Ra6 1-0

[Event "GER-chT U20"]
[Site "Osnabrueck"]
[Date "2011.12.28"]
[Round "4.2"]
[White "Friedt, Edmund"]
[Black "Rieping, Heiner"]
[Result "1/2-1/2"]
[WhiteElo "1895"]
[BlackElo "1897"]
[PlyCount "93"]
[EventDate "2011.12.27"]
[EventType "team-swiss"]
[EventRounds "7"]
[EventCountry "GER"]
[SourceTitle "CBM 146 Extra"]
[Source "ChessBase"]
[SourceDate "2012.02.29"]
[SourceVersion "1"]
[SourceVersionDate "2012.02.29"]
[SourceQuality "1"]
[WhiteTeam "Erfurt"]
[BlackTeam "Hagen"]
[WhiteTeamCountry "GER"]
[BlackTeamCountry "GER"]

1. e4 d5 2. exd5 Qxd5 3. Nc3 Qa5 4. d4 Nf6 5. Bc4 Nc6 6. d5 Ne5 7. Bb3 Bf5 8. Bd2 0-0-0 9. Qe2 Ned7 10. 0-0-0 Nc5 11. Bc4 e6 12. Nf3 exd5 13. Nxd5 Qa4 14. Ne3 Be6 15. Ng5 Qe8 16. Rhe1 h6 17. Nxe6 Nxe6 18. Ng4 Nd4 19. Qxe8 Nxe8 20. Bxf7 Nd6 21. Be6+ Nxe6 22. Rxe6 Nf5 23. Bc3 Bd6 24. g3 Rhf8 25. f4 Rfe8 26. Rxe8 Rxe8 27. Ne5 g5 28. Nc4 Re2 29. Nxd6+ Nxd6 30. Rd2 Re1+ 31. Rd1 Re2 32. fxg5 hxg5 33. h4 gxh4 34. gxh4 Rh2 35. Bf6 Kd7 36. Re1 Nf5 37. Re4 a6 38. b3 b6 39. Kb2 c6 40. a4 c5 41. b4 cxb4 42. Rxb4 Ne3 43. Re4 Nxc2 44. Kb3 a5 45. Bc3 Kc6 46. Be5 Rh3+ 47. Bc3 1/2-1/2

[Event "GER-chT U20"]
[Site "Osnabrueck"]
[Date "2011.12.27"]
[Round "2.2"]
[White "Rafayevych, Vilen"]
[Black "Rieping, Heiner"]
[Result "1-0"]
[WhiteElo "2044"]
[BlackElo "1897"]
[PlyCount "65"]
[EventDate "2011.12.27"]
[EventType "team-swiss"]
[EventRounds "7"]
[EventCountry "GER"]
[SourceTitle "CBM 146 Extra"]
[Source "ChessBase"]
[SourceDate "2012.02.29"]
[SourceVersion "1"]
[SourceVersionDate "2012.02.29"]
[SourceQuality "1"]
[WhiteTeam "Magdeburg Aufbau Elbe"]
[BlackTeam "Hagen"]
[WhiteTeamCountry "GER"]
[BlackTeamCountry "GER"]

1. d4 d5 2. c4 e6 3. cxd5 exd5 4. Nc3 f5 5. Nf3 Nf6 6. g3 Be7 7. Bg2 0-0 8. 0-0 c6 9. Rb1 Ne4 10. Na4 Nd7 11. b4 b5 12. Nc5 Ndxc5 13. dxc5 Nc3 14. Qd3 Nxb1 15. Bf4 a5 16. Rxb1 axb4 17. Nd4 Bd7 18. Nxb5 Kh8 19. Nd6 Ra3 20. Qd2 Qa5 21. Qxb4 Rxa2 22. Bf3 Qa7 23. Be5 h6 24. Qd4 Bxd6 25. Bxd6 Re8 26. Rb6 Qa3 27. Rb1 Rc2 28. Kg2 Qa7 29. Rb6 Rc8 30. Qb4 Qa1 31. Rb7 Be8 32. Qf4 Rc1 33. Be5 1-0

[Event "GER-chT Nord-West U20 1112"]
[Site "Germany"]
[Date "2011.09.25"]
[Round "1"]
[White "Rieping, Heiner"]
[Black "Kardoeus, David"]
[Result "1-0"]
[WhiteElo "1860"]
[BlackElo "1692"]
[PlyCount "69"]
[EventDate "2011.09.24"]
[EventType "team-tourn"]
[EventRounds "9"]
[EventCountry "GER"]
[SourceTitle "EXT 2015"]
[Source "ChessBase"]
[SourceDate "2014.11.20"]
[SourceVersion "1"]
[SourceVersionDate "2014.11.20"]
[SourceQuality "1"]

1. e4 e6 2. d4 b6 3. Bd3 Bb7 4. Nf3 c5 5. 0-0 cxd4 6. Nxd4 Bc5 7. Nb3 Nc6 8. Nxc5 bxc5 9. Nc3 Nf6 10. Bg5 h6 11. Bh4 d6 12. Bb5 0-0 13. Bxf6 gxf6 14. Qh5 Kg7 15. Bxc6 Bxc6 16. Rad1 Rh8 17. Rd3 Qc7 18. Rfd1 Rad8 19. Qh4 Qe7 20. Qg3+ Kh7 21. Rxd6 e5 22. Qd3 Rc8 23. Qa6 Qb7 24. Qxb7 Bxb7 25. Rd7 Bc6 26. Rxf7+ Kg6 27. Rxa7 Rhd8 28. Nd5 Rb8 29. b3 Bxd5 30. Rxd5 Kg5 31. g3 Re8 32. Rg7+ Kh5 33. Kg2 Ra8 34. g4+ Kh4 35. Rd3 1-0

[Event "Niedersachsen-ch open"]
[Site "Verden"]
[Date "2010.01.04"]
[Round "3.16"]
[White "Rieping, Heiner"]
[Black "Finke, Maurice"]
[Result "1-0"]
[WhiteElo "1800"]
[BlackElo "1411"]
[PlyCount "51"]
[EventDate "2010.01.03"]
[EventType "swiss"]
[EventRounds "7"]
[EventCountry "GER"]
[SourceTitle "EXT 2012"]
[Source "ChessBase"]
[SourceDate "2011.11.24"]
[SourceVersion "1"]
[SourceVersionDate "2011.11.24"]
[SourceQuality "1"]

1. e4 c5 2. Nf3 e6 3. d4 cxd4 4. Nxd4 Nc6 5. Be3 Qc7 6. Nc3 a6 7. Qd2 Nf6 8. f3 Ne5 9. g4 h6 10. 0-0-0 Bb4 11. h4 b5 12. Be2 Bb7 13. g5 Ng8 14. gxh6 Nxh6 15. Rdg1 Rc8 16. Rxg7 Bxc3 17. bxc3 Qxc3 18. Qxc3 Rxc3 19. Bd2 Rc8 20. Rhg1 Ng6 21. Bb4 d5 22. R1xg6 dxe4 23. fxe4 a5 24. Rxe6+ Kd8 25. Bxa5+ Kd7 26. Bxb5+ 1-0

[Event "Niedersachsen-ch U16"]
[Site "Rotenburg"]
[Date "2009.04.10"]
[Round "9"]
[White "Guennigmann, Manuel"]
[Black "Rieping, Heiner"]
[Result "1-0"]
[WhiteElo "2133"]
[BlackElo "1751"]
[PlyCount "49"]
[EventDate "2009.04.04"]
[EventType "swiss"]
[EventRounds "9"]
[EventCountry "GER"]
[SourceTitle "EXT 2010"]
[Source "ChessBase"]
[SourceDate "2010.11.25"]
[SourceVersion "1"]
[SourceVersionDate "2010.11.25"]
[SourceQuality "1"]

1. Nf3 d5 2. g3 Nc6 3. d4 Bg4 4. Bg2 e6 5. 0-0 Nf6 6. c4 Be7 7. cxd5 exd5 8. Nc3 0-0 9. Ne5 Bh5 10. Nxc6 bxc6 11. Bf4 Rb8 12. Na4 Bd6 13. Bxd6 Qxd6 14. Rc1 Rfe8 15. Re1 Rb4 16. a3 Rbb8 17. Qc2 Re6 18. Bh3 Bg4 19. Bxg4 Nxg4 20. Qc5 Qxc5 21. Rxc5 Rb5 22. Rc2 Rh6 23. Rec1 Ra5 24. Nc5 Kf8 25. a4 1-0

[Event "Niedersachsen-ch U16"]
[Site "Rotenburg"]
[Date "2009.04.08"]
[Round "7"]
[White "Konow, Philipp"]
[Black "Rieping, Heiner"]
[Result "1/2-1/2"]
[WhiteElo "1856"]
[BlackElo "1751"]
[PlyCount "140"]
[EventDate "2009.04.04"]
[EventType "swiss"]
[EventRounds "9"]
[EventCountry "GER"]
[SourceTitle "EXT 2010"]
[Source "ChessBase"]
[SourceDate "2010.11.25"]
[SourceVersion "1"]
[SourceVersionDate "2010.11.25"]
[SourceQuality "1"]

1. d4 d5 2. c4 e6 3. Nc3 f5 4. Nf3 Nf6 5. Bg5 Be7 6. h4 0-0 7. e3 c6 8. h5 Ne4 9. Bxe7 Qxe7 10. Qc2 Bd7 11. 0-0-0 Be8 12. Ne5 Nd7 13. Nxd7 Qxd7 14. Bd3 Nf6 15. Qe2 Qf7 16. h6 g6 17. f3 Qc7 18. Qe1 a6 19. Kb1 b5 20. cxd5 exd5 21. e4 dxe4 22. fxe4 fxe4 23. Nxe4 Nxe4 24. Bxe4 Rd8 25. Qc3 Rd6 26. Rhf1 Qe7 27. Bc2 Rxf1 28. Rxf1 Bf7 29. Re1 Qf8 30. Bb3 Bxb3 31. Qxb3+ Rd5 32. Qe3 Qf7 33. g4 Rd8 34. Qe5 Rf8 35. Rc1 Qf6 36. Qe4 Rd8 37. Re1 Kf7 38. Ka1 Kf8 39. Qe2 Kg8 40. Qe3 Kf8 41. g5 Qf7 42. Qe5 Kg8 43. a3 Rf8 44. Re2 Rd8 45. Rf2 Qd7 46. Rd2 Re8 47. Qf6 Re1+ 48. Ka2 Qf7+ 49. Qxf7+ Kxf7 50. d5 cxd5 51. Rxd5 Re3 52. Rd8 Re8 53. Rxe8 Kxe8 54. Kb3 Ke7 55. a4 Ke6 56. axb5 axb5 57. Kb4 Kf5 58. Kxb5 Kxg5 59. Kc4 Kf6 60. b4 g5 61. b5 g4 62. Kd4 g3 63. Ke3 g2 64. Kf2 g1Q+ 65. Kxg1 Ke6 66. Kf2 Kd6 67. Ke3 Kc5 68. Ke4 Kxb5 69. Ke5 Kc5 70. Kf6 Kd6 1/2-1/2